000
00296nam a22001337a 4500
008
181122b xxu||||| |||| 00| 0 eng d
020
_a
9780131199538
041
_a
eng
080
_a
370
100
_a
48
101
_a
EDU
245
_a
Foundations For Learning
_c
Hazard.L.L
942
_2
udc
_c
BK
999
_c
52323
_d
52323